000 00722nam a22002417a 4500
003 UA-OsUOA
001 53976
007 ta
008 20151214b un ||||| |||| 00| 0 ukr d
100 _aСтаниславів В. (Ю. Макух)
090 _a82-94
_bС76
942 _cBK
040 _aUA-OsUOA
_bukr
_cUA-OsUOA
_dUA-OsUOA
245 _aЛіс приймає повстанців
300 _a235 с.
955 _a4
041 _aukr
080 _a82-94
260 _aМіннеаполіс
_c1997
650 7 _a82 Література. Літературознавство
_2UDC
999 _c434094
_d434094